Producción I

Bibliographic Details
Main Author: Wynne, Roberts
Format: Section = Libro
Language:Undetermined
Spanish
Published: Managua UNI [s.f]
Edition:3a.ed.
Subjects:
LEADER 00574nam a2200217Ia 4500
008 241007s9999||||xx |||||||||||||| ||und||
040 |a BIBLIOTECA-RURC/ 331.118 O329 
041 |a spa 
082 |a 331.118 O329 
100 1 |a Wynne, Roberts 
245 1 0 |a Producción I 
250 |a 3a.ed. 
260 |a Managua  |b UNI  |c [s.f] 
300 |a 433 p. :il. 
650 7 |a PRODUCTIVIDAD Y ESTUDIO DEL TRABAJO 
650 7 |b  ESTUDIO DE METODOS 
650 7 |c  MEDICIÓN DEL TRABAJO 
650 7 |d  FORMAS DE ORGANIZACIÓN DEL TRABAJO. 
942 |c BK  |2 ddc 
991 |a TEXTO 
999 |c 14279